| 000 | 00876nas a2200265 4500 | ||
|---|---|---|---|
| 001 | BR9802708 | ||
| 003 | BR-BrBNA | ||
| 005 | 20231205100800.0 | ||
| 007 | ta | ||
| 008 | 230509b bl.|||p| |||| 00| 00por d | ||
| 040 |
_aBR-BrBNA _bpor _cBiblioteca Nacional de Agricultura |
||
| 041 | _a(Pt) | ||
| 072 | _aQ80 | ||
| 100 | 1 | _aFreire, M.T. de A. | |
| 100 | 1 | _aReyes, F.G.R. | |
| 245 | 1 | _aDesempenho do polietileno tereftalato (PET)como material de embalagem para alimentos para uso em fornos convencionais e microondas | |
| 650 | _aEmbalagem | ||
| 650 | _aPolietileno | ||
| 650 | _aAlimento | ||
| 650 | _aForno | ||
| 650 | _aForno de Microondas | ||
| 773 | 0 |
_tBoletim da Sociedade Brasileira de Ciencia e Tecnologia de Alimentos (Brazil) _xISSN 0101-3637 _g(1997), v. 31(2) p. 121-128 _wBR9802708 |
|
| 909 |
_a202311 _bLúcia _c55 _dLúcia Elande |
||
| 942 |
_2AGRIS _n0 _cANA |
||
| 999 |
_c158047 _d158047 |
||